000 00515nam a2200193Ia 4500
999 _c10202
_d10202
008 200103s 1946 ||||xx |||||||||||||| ||und||
082 _a621.3
_bHIR
100 _aHirst, A. W.
245 0 _aElectricity and magnetism for engineering students
250 _a2nd
260 _bBlackie & Son Limited
_c1946
_aLondon
300 _axiv, 466
504 _aIncludes index
650 _aMechanical principles
650 _aMagnetism
650 _aElectrolysis
650 _aElectromagnetism
942 _cBK